Philosophy of the history of philosophy the main models and results

Bibliographic Details
Main Author: Leško, Vladimír, 1950- (Author)
Format: Book
Language:English
PhysicalDescription:249 s. 20 cm
Published: Prešov Vladimír Leško 2003
ISBN:8096903608
Edition:1st ed.
Subjects:

MARC

LEADER 00000nam a2200000 a 4500
001 vtls001479501
003 SK-MaSNL
005 20260301203833.0
008 240318s2003 xo 0 eng
015 |a SNBA2004/09-05411 
020 |a 8096903608  |c 200,00 Sk 
035 |a SNK000434799 
040 |a SNK  |b slo  |c SNK  |e AACR2 
044 |a xo  |c SK 
072 7 |a 930  |x Historická veda. Pomocné vedy historické. Archívnictvo  |2 konspekt 
080 |a 930.1=111  |2 2. slo 
080 |a 930.1  |2 1981 
080 |a (048.8)  |2 1981 
100 1 |a Leško, Vladimír,  |d 1950-  |4 aut  |9 113867 
245 1 0 |a Philosophy of the history of philosophy  |b the main models and results  |c Vladimír Leško 
250 |a 1st ed. 
260 |a Prešov  |b Vladimír Leško  |c 2003 
300 |a 249 s.  |c 20 cm 
500 |a Vydavateľstvo uvedené podľa ISBN 
504 |a Bibliogr. s. 240-244. Reg. aut. 
650 0 7 |a filozofia dejín  |x štúdie  |2 SNK  |9 289859 
650 0 7 |a filozofia dejín  |2 phsnk  |9 4205 
655 7 |a príručky  |2 SNK  |9 74364 
655 7 |a štúdie  |2 SNK  |9 57033 
655 7 |2 phsnk 
919 |a 80-969036-0-8 
958 |a NB 
968 |d 93/94 
999 |c 904113  |d 906043 
952 |t P60, <03>, [BOOK], {603}  |a SNK  |b SNK  |y PREZ  |7 0  |p 17A0438871  |o snkSD 74060  |i snkKSP 10276/2004  |0 0  |1 0  |4 0  |d 2004-08-02  |l 0  |r 2025-11-21 00:00:00  |w 2026-02-24 
952 |t snkLES 930  |a SNKUST  |b SNKUST  |y PREZ  |7 0  |p 17A0438870  |o snkSD 74060 D1  |i snkKSP 10277/2004  |0 0  |1 0  |4 0  |d 2004-08-02  |l 0  |r 2025-03-20 00:00:00  |w 2026-02-24